Southville International School and Colleges
Your cart is empty.
  • Cart
  • Lists
    Public lists Eva Luna New books Lux_list list_1
    Your lists Log in to create your own lists
  • Log in to your account
  • Your cookies
  • Search history
Southville International School and Colleges
  • Advanced search
  • Recent comments
  • Most popular
  • Libraries

Log in to your account

Log in with GOOGLE


If you do not have an external account, but do have a local account, you can still log in:

  1. Home
  2. MARC view: The use of Listerine mouthwash and saltwater against bad breath-causing bacteria /
Normal view MARC view ISBD view

The use of Listerine mouthwash and saltwater against bad breath-causing bacteria / (Record no. 99063)

[ view plain ]
MARC details
000 -LEADER
fixed length control field 00979nam a2200253 a 4500
003 - CONTROL NUMBER IDENTIFIER
control field 0
005 - DATE AND TIME OF LATEST TRANSACTION
control field 20250203104238.0
008 - FIXED-LENGTH DATA ELEMENTS--GENERAL INFORMATION
fixed length control field 130830s19uu xx 00 eng d
050 ## - LIBRARY OF CONGRESS CALL NUMBER
Classification number PGS QR 201.B3
Item number .B216 2013
100 ## - MAIN ENTRY--PERSONAL NAME
Personal name Bang, Jiwon (Paul).
245 ## - TITLE STATEMENT
Title The use of Listerine mouthwash and saltwater against bad breath-causing bacteria /
Statement of responsibility, etc Jiwon Bang (Paul).
260 ## - PUBLICATION, DISTRIBUTION, ETC. (IMPRINT)
Place of publication, distribution, etc Las Piñas City, Philippines :
Name of publisher, distributor, etc Southville International School and Colleges,
Date of publication, distribution, etc 2013.
300 ## - PHYSICAL DESCRIPTION
Extent 23 p. :
Other physical details ill. ;
Dimensions 28 cm.
504 ## - BIBLIOGRAPHY, ETC. NOTE
Bibliography, etc Includes bibliographical references.
650 ## - SUBJECT ADDED ENTRY--TOPICAL TERM
Topical term or geographic name as entry element Bad breath
Form subdivision Prevention and treatment.
650 ## - SUBJECT ADDED ENTRY--TOPICAL TERM
Topical term or geographic name as entry element Halitosis
Form subdivision Prevention and treatment.
650 ## - SUBJECT ADDED ENTRY--TOPICAL TERM
Topical term or geographic name as entry element Saltwater
Form subdivision Therapeutic use.
650 ## - SUBJECT ADDED ENTRY--TOPICAL TERM
Topical term or geographic name as entry element Mouthwash
Form subdivision Bacterial effects.
650 ## - SUBJECT ADDED ENTRY--TOPICAL TERM
Topical term or geographic name as entry element Antibacterial agents
Form subdivision Oral use.
650 ## - SUBJECT ADDED ENTRY--TOPICAL TERM
Topical term or geographic name as entry element Streptomycin
Form subdivision Effect on bacteria.
650 ## - SUBJECT ADDED ENTRY--TOPICAL TERM
Topical term or geographic name as entry element Mouthwash
Form subdivision Comparative effectiveness.
650 ## - SUBJECT ADDED ENTRY--TOPICAL TERM
Topical term or geographic name as entry element Agar test
Form subdivision Bacterial growth inhibition.
942 ## - ADDED ENTRY ELEMENTS (KOHA)
Source of classification or shelving scheme Library of Congress Classification
Koha item type PASS
Holdings
Withdrawn status Lost status Source of classification or shelving scheme Damaged status Home library Current library Shelving location Date acquired Source of acquisition Total Checkouts Full call number Barcode Date last seen Price effective from Koha item type
    Library of Congress Classification   Luxembourg Library Luxembourg Library Portfolio Assessment of SISC Students Section 08/30/2013 Donation   PGS QR 201.B3 .B216 2013 P3164 04/08/2014 04/08/2014 PASS

The use of Listerine mouthwash and saltwater against bad breath-causing bacteria /

APA

Bang J. (., . (2013). The use of Listerine mouthwash and saltwater against bad breath-causing bacteria. Las Piñas City, Philippines: Southville International School and Colleges.

Chicago

Bang Jiwon (Paul), . 2013. The use of Listerine mouthwash and saltwater against bad breath-causing bacteria. Las Piñas City, Philippines: Southville International School and Colleges.

Harvard

Bang J. (., . (2013). The use of Listerine mouthwash and saltwater against bad breath-causing bacteria. Las Piñas City, Philippines: Southville International School and Colleges.

MLA

Bang Jiwon (Paul), . The use of Listerine mouthwash and saltwater against bad breath-causing bacteria. Las Piñas City, Philippines: Southville International School and Colleges. 2013.

  • Print
  • Cite
  • Add to your cart (remove)
  • Save record
    BIBTEX Dublin Core MARCXML MARC (non-Unicode/MARC-8) MARC (Unicode/UTF-8) MARC (Unicode/UTF-8, Standard) MODS (XML) RIS
  • More searches
    Search for this title in:
    Other Libraries (WorldCat) Other Databases (Google Scholar) Online Stores (Bookfinder.com) Open Library (openlibrary.org)

Exporting to Dublin Core...

SOUTHVILLE LIBRARY

Southville International School and Colleges Library

1281 Tropical Ave. Cor. Luxembourg St., BF Homes International, Las Pinas City

Tel. No. 8256374 / 252358 Loc. 117/146

Powered by Koha